000 00654cam a22002414a 4500
001 12810559
005 20180302065815.0
008 020607s2004 nyua 001 0 eng
010 _a 2002108015
020 _a1563672421
035 _a(DLC) 2002108015
040 _aDLC
_cDLC
_dDLC
041 _aeng
042 _apcc
080 _a747 ELS
082 0 0 _a747 ELS
_222
100 1 _a41
101 _aARK
245 1 0 _aKnow your home furnishings /
_cVirginia Hencken Elsasser.
906 _a7
_bcbc
_corignew
_d2
_eepcn
_f20
_gy-gencatlg
942 _2ddc
_cBK
999 _c44017
_d44017